Структура Енисейского кряжа и ее кинематический анализ по геолого-геофизическим данным масштаба 1:200000 -1:1000000

Detaylı Bibliyografya
Yazar: Болдырев М. В. Май Вячеславович
Diğer Yazarlar: Петров Ю. М.
Özet:Заглавие с титульного экрана
Монография Болдырева М.В. и Петрова Ю.М. «Структура Енисейского кряжа и ее кинематический анализ по данным масштаба 1:200000 ÷1:1000000» является одной из монографий цикла «Объемное распределение плотностных неоднородностей Мира», более детальной и более проработанной с реализацией всех трех этапов оригинальной методики объемного геолого-геофизического моделирования. Ее цель: во-первых, показать, что было известно о структуре Енисейского кряжа по состоянию на 01.01.1980 года (похоже, что в настоящее время делаются попытки «открыть» заново то, что было охарактеризовано даже с количественной оценкой 30 лет назад); во- вторых, дать возможность продолжить начатую нами работу, с учетом тех полученных новых фактов о геологическом строении, геофизических данных, что были получены за последние 30 лет.(Если у авторов у самих при их возрасте хватит сил и времени, то они попытаются проделать это сами). Монография рассчитана на геологов и геофизиков, интересующихся Енисейским кряжем, западной окраиной Сибирской платформой или тем: чего можно достичь при реализации методики объемного геолого -геофизического моделирования на основе взаимодополнения, взаимосопоставления и взаимоконтроля независимых объемных геологической и геофизических моделей и анализа на ее основе причинно-следственных различных сторон геологического процесса с тектогенезом. В электронной версии монографии 123 с., 14 таблиц, 40 рис., использованная литература содержит 98 наименований
Режим доступа: из сети НТБ ТПУ
Dil:Rusça
Baskı/Yayın Bilgisi: Новосибирск, 2009
Konular:
Online Erişim:http://www.lib.tpu.ru/fulltext3/m/2010/m37.pdf
Materyal Türü: MixedMaterials Elektronik Kitap
KOHA link:https://koha.lib.tpu.ru/cgi-bin/koha/opac-detail.pl?biblionumber=185104

MARC

LEADER 00000nlm0a2200000 4500
001 185104
005 20231101223908.0
035 |a (RuTPU)RU\TPU\book\200774 
035 |a RU\TPU\book\200771 
090 |a 185104 
100 |a 20101001d2009 k y0rusy50 ca 
101 0 |a rus 
102 |a RU 
105 |a a z 000zy 
135 |a drcn ---uucaa 
181 0 |a i  
182 0 |a b 
200 1 |a Структура Енисейского кряжа и ее кинематический анализ по геолого-геофизическим данным масштаба 1:200000 -1:1000000  |b Электронный ресурс  |f М. В. Болдырев, Ю. М. Петров 
203 |a Текст  |c электронный 
210 |a Новосибирск  |d 2009 
230 |a 1 компьютерный файл (pdf; 10,8 MB) 
300 |a Заглавие с титульного экрана 
330 |a Монография Болдырева М.В. и Петрова Ю.М. «Структура Енисейского кряжа и ее кинематический анализ по данным масштаба 1:200000 ÷1:1000000» является одной из монографий цикла «Объемное распределение плотностных неоднородностей Мира», более детальной и более проработанной с реализацией всех трех этапов оригинальной методики объемного геолого-геофизического моделирования. Ее цель: во-первых, показать, что было известно о структуре Енисейского кряжа по состоянию на 01.01.1980 года (похоже, что в настоящее время делаются попытки «открыть» заново то, что было охарактеризовано даже с количественной оценкой 30 лет назад); во- вторых, дать возможность продолжить начатую нами работу, с учетом тех полученных новых фактов о геологическом строении, геофизических данных, что были получены за последние 30 лет.(Если у авторов у самих при их возрасте хватит сил и времени, то они попытаются проделать это сами). Монография рассчитана на геологов и геофизиков, интересующихся Енисейским кряжем, западной окраиной Сибирской платформой или тем: чего можно достичь при реализации методики объемного геолого -геофизического моделирования на основе взаимодополнения, взаимосопоставления и взаимоконтроля независимых объемных геологической и геофизических моделей и анализа на ее основе причинно-следственных различных сторон геологического процесса с тектогенезом. В электронной версии монографии 123 с., 14 таблиц, 40 рис., использованная литература содержит 98 наименований 
333 |a Режим доступа: из сети НТБ ТПУ 
337 |a Adobe Reader 
606 1 |a Геология  |y Красноярский край  |2 stltpush  |3 (RuTPU)RU\TPU\subj\67493  |9 83268 
606 1 |a Геологические карты  |2 stltpush  |3 (RuTPU)RU\TPU\subj\6050  |9 34014 
610 1 |a электронный ресурс 
610 1 |a Енисейский кряж 
610 1 |a кинематический анализ 
610 1 |a геологическое строение 
610 1 |a геофизические данные 
610 1 |a геолого-геофизическое моделирование 
610 1 |a Сибирская платформа 
675 |a 55(571.51)  |v 3 
675 |a 550.8:528  |v 3 
700 1 |a Болдырев  |b М. В.  |g Май Вячеславович 
701 1 |a Петров  |b Ю. М. 
801 2 |a RU  |b 63413507  |c 20110113  |g RCR 
856 4 |u http://www.lib.tpu.ru/fulltext3/m/2010/m37.pdf 
942 |c CF